[Event "IND-ch"]
[Site "?"]
[Date "1988.??.??"]
[Round "?"]
[White "Katdare, Jayant C"]
[Black "Ganesan, Sankar"]
[Result "1/2-1/2"]
[WhiteElo "2270"]
[BlackElo "2270"]

1.e4 c5 2.Nf3 Nc6 3.d4 cxd4 4.Nxd4 Qb6 5.Nxc6 bxc6 6.c4 g6 7.Qc2 Bg7 8.c5 Qb4+
9.Nd2 Bd4 10.Bc4 Qxc5 11.Nb3 Qb6 12.Nxd4 Qxd4 13.Be3 Qe5 14.Rd1 Nf6 15.Bd4 Qa5+
16.Bc3 Qg5 17.O-O O-O 18.f4 Qh4 19.h3 a5 20.e5 Ne8 21.Qe4 e6 22.Rf3 Qe7 23.Rfd3 Qc5+
24.Kh2 f5 25.Qd4 Qxd4 26.Bxd4 Nc7 27.Bc5 Re8 28.g4 fxg4 29.hxg4 Nd5 30.f5 Ba6
31.Bxa6 Rxa6 32.f6 Kf7 33.Rh3 Rh8 34.Kg3 Raa8 35.Rdh1 Kg8 36.Rf1 Kf7 37.Rh6 a4
38.Rfh1 Kg8 39.Rf1 Kf7 40.Rfh1 Kg8 41.Kf3 Rb8 42.R1h2 Rb5 43.Rxg6+ hxg6 44.Rxh8+ Kxh8
45.f7 Rb8 46.f8=Q+ Rxf8+ 47.Bxf8 Kg8 48.Bc5 Kf7 49.Ke4 Ke8 50.Kd4 Kd8 51.Kc4 Kc7
52.Kd4 Kb7 53.Kc4 Ka6 54.Bd4 Kb7 55.Kc5 Kc7 56.Bg1 g5 57.Bd4 Nf4 58.Kb4 d6
59.Kxa4 Nd5 60.b4 dxe5 61.Bxe5+ Kd7 62.b5 cxb5+ 63.Kxb5 Ne3 64.Bf6 Nxg4 65.Bxg5 Kc7  1/2-1/2

[Event "JUG-ch"]
[Site "?"]
[Date "1988.??.??"]
[Round "?"]
[White "Todorovic, Goran M"]
[Black "Matulovic, Milan"]
[Result "0-1"]
[WhiteElo "2425"]
[BlackElo "2435"]

1.e4 c5 2.Nf3 Nc6 3.d4 cxd4 4.Nxd4 Qc7 5.Nc3 e6 6.Be3 a6 7.f4 b5 8.Bd3 Bb7
9.Qf3 Nf6 10.O-O-O Rc8 11.g4 d5 12.e5 Ne4 13.Nce2 Nxd4 14.Bxd4 Bc5 15.f5 exf5
16.Bxc5 Nxc5 17.Nd4 O-O 18.Qxf5 g6 19.Qf6 Nd7 20.Qh4 Nxe5 21.Kb1 Rce8 22.Rhf1 Nxd3
23.Rxd3 f6 24.Qh6 Re4 25.g5 f5 26.c3 Qb6 27.Rdd1 f4 28.Qh3 Bc8 29.Qg2 Bd7
30.Ka1 a5 31.h4 b4 32.cxb4 axb4 33.h5 gxh5 34.g6 Bg4 35.Rc1 Rxd4 36.gxh7+ Kh8
37.Rc2 Re4 38.Qd2 Qe3 39.Qc1  0-1

[Event "Lyon"]
[Site "Lyon"]
[Date "1988.??.??"]
[Round "?"]
[White "Santo Roman, Marc"]
[Black "Kouatly, Bachar"]
[Result "1/2-1/2"]
[WhiteElo "2435"]
[BlackElo "2450"]

1.e4 c5 2.Nf3 Nc6 3.d4 cxd4 4.Nxd4 Qb6 5.Nb3 Nf6 6.Nc3 e6 7.Bd3 a6 8.O-O d6
9.Kh1 Qc7 10.f4 b5 11.a3 Be7 12.Bd2 Rb8 13.Qe2 O-O 14.Rae1 b4 15.axb4 Nxb4
16.Nb5 axb5 17.Bxb4 e5 18.Nd2 Bg4 19.Qf2 Be6 20.c3 Ng4 21.Qg3 exf4 22.Qxf4 Ne5
23.Bc2 Nc6 24.Ba3 b4 25.cxb4 Nxb4 26.Bb1 Bf6 27.Nf3 Be5 28.Nxe5 dxe5 29.Qe3 Rfd8
30.Rc1 Qb7 31.Rfd1 h6 32.h3 Nc6 33.Qc5 Rbc8 34.Rd6 Rxd6 35.Qxd6 Nd4 36.Rxc8+ Qxc8
37.Bc5 Nb3 38.Be3 Qc4 39.Qd3 Qb4 40.Qc3 Qxc3 41.bxc3 Bc4 42.Kg1 Kf8 43.Bc2 Ke7
44.Bxb3 Bxb3 45.Bc5+ Kf6 46.Kf2 h5 47.h4 Ke6 48.Ke3 Bc4 49.Bf8 g6 50.g3  1/2-1/2

[Event "Montpellier"]
[Site "Montpellier"]
[Date "1988.??.??"]
[Round "9"]
[White "Santo Roman, Marc"]
[Black "Simic, Radoslav"]
[Result "0-1"]
[WhiteElo "2435"]
[BlackElo "2515"]

1.e4 c5 2.Nf3 Nc6 3.d4 cxd4 4.Nxd4 Qb6 5.Nb3 Nf6 6.Nc3 e6 7.Bd3 a6 8.O-O d6
9.Kh1 Qc7 10.f4 b5 11.a3 Be7 12.Bd2 Bb7 13.Qe2 O-O 14.Rae1 b4 15.axb4 Nxb4
16.e5 Ne8 17.Nb5 axb5 18.Bxb4 dxe5 19.Bxe7 Qxe7 20.fxe5 Ra2 21.Nd4 Rxb2 22.Nxb5 g6
23.Qe3 Rb4 24.Nc3 Ng7 25.Ne4 Nf5 26.Qh3 Bxe4 27.Bxe4 Rd8 28.Bd3 Qg5 29.Qf3 h5
30.Re4 Rdd4 31.Rxd4 Rxd4 32.Qe2 h4 33.Re1 Rf4 34.Rf1 Rxf1+ 35.Qxf1 Ne3 36.Qf3 Qxe5
37.Kg1 Qd4 38.Qf2 Qa1+ 39.Bf1 Qc1 40.h3 Nxf1 41.Qxf1 Qxc2 42.Qf6 Qe4 43.Kh2 e5
44.Kg1 Qe3+ 45.Kh1 Qc1+ 46.Kh2 Qf4+  0-1

[Event "Munich"]
[Site "Munich"]
[Date "1988.??.??"]
[Round "?"]
[White "Kindermann, Stefan"]
[Black "Lau, Ralf"]
[Result "1/2-1/2"]
[WhiteElo "2500"]
[BlackElo "2540"]

1.e4 c5 2.Nf3 Nc6 3.d4 cxd4 4.Nxd4 Qc7 5.Nc3 e6 6.f4 a6 7.Be2 Nxd4 8.Qxd4 b5
9.Be3 Bb7 10.O-O Rc8 11.Rfd1 Bc5 12.Qxc5 Qxc5 13.Bxc5 Rxc5 14.Rd4 Ne7 15.Rad1 d5
16.exd5 exd5 17.Re1 O-O 18.Bg4 Rc7 19.a4 bxa4 20.Rxa4 Rd8 21.Rd1 Rd6 22.Rd2 Rb6
23.Nd1 g6 24.c3 Rc5 25.Ne3 Bc6 26.Ra2 a5 27.Nc2 h5 28.Bh3 Bb7 29.g3 Kg7 30.Kf2 Bc8
31.Bg2 Be6 32.Nd4 Nc8 33.Bf1 Nd6 34.Bd3 Kf6 35.Re2 Bc8 36.Ke3 Ba6 37.Bxa6 Rxa6
38.Kd3 Rb6 39.Kc2 Nc4 40.Re8 Kg7 41.Ra8 Ne3+ 42.Kc1 Nc4 43.b3 Nd6 44.R8xa5 Rxc3+
45.Rc2 Rd3 46.Rxd5 Kf6 47.Rd2 Rc3+ 48.Kb2 Re3 49.Kc2 Ne4 50.Rd3 Re1 51.Re5 Rd6
52.b4 g5 53.Nb5 Rc6+ 54.Nc3 gxf4 55.gxf4 Re2+ 56.Kd1 Nxc3+ 57.Rxc3 Rxc3 58.Kxe2 Rh3
59.b5 h4 60.Rh5 Kg6 61.Rg5+ Kf6  1/2-1/2

[Event "Novi Sad op"]
[Site "Novi Sad"]
[Date "1988.??.??"]
[Round "1"]
[White "Todorovic, Goran M"]
[Black "Bosic, Todor"]
[Result "1-0"]
[WhiteElo "2425"]
[BlackElo "2265"]

1.e4 c5 2.Nf3 Nc6 3.d4 cxd4 4.Nxd4 Qb6 5.Nb3 Nf6 6.Nc3 e6 7.Bd3 a6 8.Qe2 Qc7
9.f4 d6 10.Be3 b5 11.O-O-O Be7 12.Kb1 Nb4 13.g4 Nd7 14.g5 Bb7 15.a3 Nxd3
16.cxd3 g6 17.Rc1 Nc5 18.Nd4 Qd8 19.h4 e5 20.Nf3 exf4 21.Bxf4 a5 22.d4 b4
23.dxc5 bxc3 24.cxd6 Bxd6 25.Rhd1 Bxf4 26.Qb5+ Kf8 27.Rxd8+ Rxd8 28.Qxb7 Rb8
29.Qa7 Rxb2+ 30.Ka1 Rb3 31.Qc5+  1-0

[Event "Novi Sad op"]
[Site "Novi Sad"]
[Date "1988.??.??"]
[Round "4"]
[White "Fercec, Nenad"]
[Black "Avshalumov, Alex"]
[Result "1-0"]
[WhiteElo "2350"]
[BlackElo "2410"]

1.e4 c5 2.Nf3 Nc6 3.d4 cxd4 4.Nxd4 Qb6 5.Nb3 Nf6 6.Nc3 e6 7.Be3 Qc7 8.Bd3 Bb4
9.O-O Bxc3 10.bxc3 d6 11.f4 O-O 12.c4 b6 13.Qe2 a5 14.Rf3 a4 15.Nd2 e5 16.f5 Nd4
17.Bxd4 exd4 18.Qf2 Qc5 19.Qh4 h6 20.Raf1 Bb7 21.Rg3 Kh8 22.Rff3 Rg8 23.Rh3 Qe5
24.Rfg3 Rae8 25.Nf3 Qe7 26.Ng5 Nh7 27.e5 dxe5 28.f6 Qxf6 29.Bxh7 Rgf8 30.Be4 Bc8
31.Rf3 Qe7 32.Qh5 f5 33.Qg6  1-0

[Event "Pau op"]
[Site "Pau"]
[Date "1988.??.??"]
[Round "2"]
[White "Puhm, Alar"]
[Black "Carlier, Bruno"]
[Result "0-1"]
[WhiteElo "2260"]
[BlackElo "2430"]

1.e4 c5 2.Nf3 Nc6 3.d4 cxd4 4.Nxd4 Qb6 5.Nb3 Nf6 6.Nc3 e6 7.Bd3 Be7 8.O-O d6
9.Kh1 a6 10.Qe2 Qc7 11.Bg5 b5 12.Rae1 b4 13.Nd1 a5 14.c3 O-O 15.Nd4 Bb7 16.f4 Nxd4
17.cxd4 Qb6 18.Bxf6 Bxf6 19.e5 dxe5 20.fxe5 Be7 21.Rf4 Rad8 22.Qg4 f5 23.exf6 Rxf6
24.Rxf6 Bxf6 25.Rxe6 Qxd4 26.Bc4 Kf8 27.Qxd4 Rxd4 28.Ne3 Bg5 29.Bf1 Be4 30.Ng4 Rd1
31.Kg1 Bd3  0-1

[Event "Reykjavik op"]
[Site "Reykjavik"]
[Date "1988.??.??"]
[Round "?"]
[White "Thorsteinsson, Arnar"]
[Black "Johannesson, Larus"]
[Result "1-0"]
[WhiteElo "2100"]
[BlackElo "2135"]

1.e4 c5 2.Nf3 Nc6 3.d4 cxd4 4.Nxd4 Qb6 5.Nb3 Nf6 6.Nc3 e6 7.Be3 Qc7 8.a3 a6
9.f4 d6 10.Be2 Be7 11.O-O O-O 12.Kh1 b5 13.Bf3 Bb7 14.Qe1 b4 15.Ne2 bxa3
16.bxa3 a5 17.g4 a4 18.Nd2 Na5 19.g5 Nd7 20.Qh4 Nc4 21.Nxc4 Qxc4 22.Ng3 f5
23.Rab1 Bc6 24.Rb4 Qc3 25.Bd4 Qxa3 26.c3 e5 27.Rc4 Bb5 28.Rc7 exd4 29.exf5 Rac8
30.f6 Rxc7 31.Bd5+ Kh8 32.fxg7+ Kxg7 33.Qh6+ Kh8 34.g6  1-0

[Event "Riga"]
[Site "Riga"]
[Date "1988.??.??"]
[Round "?"]
[White "Klovans, Janis"]
[Black "Karasev, Vladimir I"]
[Result "0-1"]
[WhiteElo "2400"]
[BlackElo "2330"]

1.e4 c5 2.Nf3 Nc6 3.d4 cxd4 4.Nxd4 Qb6 5.Nb3 Nf6 6.Nc3 e6 7.Be3 Qc7 8.Bd3 Bb4
9.O-O Bxc3 10.bxc3 d5 11.exd5 Nxd5 12.Bc5 b6 13.Ba3 Bb7 14.c4 Nf4 15.Be4 Rd8
16.Qe1 f5 17.Bxf5 Ne5 18.Be4 Nxc4 19.Bc1 O-O 20.Bxf4 Rxf4 21.Bxb7 Qxb7 22.Qxe6+ Qf7
23.Qxf7+ Rxf7 24.Rfd1 Rxd1+ 25.Rxd1 Rc7 26.g3 Na3 27.Nd4 Rd7 28.c3 Nb5 29.Rc1 Nxd4
30.cxd4 Kf7 31.Kg2 Ke6 32.Rd1 Kd5 33.Kf3 Re7 34.h4 b5 35.h5 b4 36.g4 a5 37.Rd2 a4
38.g5 b3 39.axb3 axb3 40.Kf4 Rb7 41.Rd1 b2 42.Rb1 Kxd4 43.Kf5 Rf7+  0-1

[Event "Thessaloniki ol (Women)"]
[Site "Thessaloniki"]
[Date "1988.??.??"]
[Round "?"]
[White "Liu Shilan"]
[Black "Maric, Alisa"]
[Result "0-1"]
[WhiteElo "2285"]
[BlackElo "2345"]

1.e4 c5 2.Nf3 Nc6 3.d4 cxd4 4.Nxd4 Qc7 5.Nc3 e6 6.Be2 a6 7.O-O Nf6 8.Kh1 Be7
9.f4 d6 10.Be3 O-O 11.a4 Re8 12.Qe1 Nxd4 13.Bxd4 e5 14.fxe5 dxe5 15.Qg3 Bd8
16.Be3 Kh8 17.Rad1 Be6 18.Rd2 Be7 19.Bg5 Rad8 20.Rxd8 Rxd8 21.Qh4 Ng8 22.Bd3 h6
23.Bxe7 Nxe7 24.Qe1 Qa5 25.g3 Qb4 26.Qc1 Nc6 27.Be2 Qe7 28.Bf3 Nd4 29.Bg2 Qc5
30.Nd5 Qxc2 31.Qxc2 Nxc2 32.Rc1 Rc8 33.Kg1 Nd4 34.Rxc8+ Bxc8 35.Kf2 Bd7 36.Nb6 Bc6
37.Ke3 Kg8 38.Kd3 Kf8 39.Kc4 Ke7 40.Kc5 Ne6+  0-1

[Event "Thessaloniki ol (Women)"]
[Site "Thessaloniki"]
[Date "1988.??.??"]
[Round "?"]
[White "Brustman, Agnieszka"]
[Black "Maric, Alisa"]
[Result "1/2-1/2"]
[WhiteElo "2395"]
[BlackElo "2345"]

1.e4 c5 2.Nf3 Nc6 3.d4 cxd4 4.Nxd4 Qc7 5.Nc3 e6 6.Be2 a6 7.O-O Nf6 8.Kh1 Be7
9.f4 d6 10.Be3 O-O 11.Qe1 Bd7 12.a4 Rac8 13.Qg3 Nxd4 14.Bxd4 Bc6 15.Rae1 g6
16.Qe3 e5 17.Bb6 Qd7 18.Rd1 Qe8 19.fxe5 dxe5 20.Rd3 Kg7 21.Qg3 Nd7 22.Be3 Nc5
23.Bxc5 Bxc5 24.Nd5 Bxd5 25.Rxd5 f6 26.b3 Qe7 27.h4 Rcd8 28.Bc4 Rxd5 29.Bxd5 Rd8
30.h5 a5 31.Qg4 b6 32.Rf3 Qd7 33.h6+ Kh8 34.Qxd7 Rxd7 35.Rxf6 Rd8 36.c3 Rb8
37.Re6 Be3 38.Rxe5 Bxh6 39.Re7 Bf8 40.Re6 Bc5  1/2-1/2

[Event "Thessaloniki ol (Men)"]
[Site "Thessaloniki"]
[Date "1988.??.??"]
[Round "2"]
[White "Lewis, James E"]
[Black "Bern, Ivar"]
[Result "1-0"]
[WhiteElo "2295"]
[BlackElo "2335"]

1.e4 c5 2.Nf3 Nc6 3.d4 cxd4 4.Nxd4 Qb6 5.Nb3 Nf6 6.Nc3 e6 7.Be3 Qc7 8.f4 Bb4
9.Bd3 d5 10.e5 Nd7 11.Qh5 Na5 12.O-O a6 13.Nd4 Nc5 14.Ncb5 axb5 15.Nxb5 Qd7
16.Nd6+ Qxd6 17.exd6 Nxd3 18.cxd3 Nc6 19.f5 exf5 20.Bf4 O-O 21.Rf3 g6 22.Qh6 f6
23.a3 Bc5+ 24.Kh1 Ne5 25.Rh3 Rf7 26.Re1 Bd4 27.Qh4 Bxb2 28.Re2 Bc3 29.Rc2 d4
30.Bxe5 fxe5 31.Qd8+ Rf8 32.Qe7 Rf7 33.Qe8+ Rf8 34.d7 Bxd7 35.Qxd7 Rf7 36.Qe6 Rf8
37.Qxe5 h5 38.Qe6 Kh7 39.Re2 f4 40.Re5 Rf6 41.Qd7+  1-0

[Event "Thessaloniki ol (Men)"]
[Site "Thessaloniki"]
[Date "1988.??.??"]
[Round "10"]
[White "Wong Meng Kong"]
[Black "Skembris, Spyridon"]
[Result "0-1"]
[WhiteElo "2305"]
[BlackElo "2425"]

1.e4 c5 2.Nf3 Nc6 3.d4 cxd4 4.Nxd4 Qb6 5.Nb5 Nf6 6.N1c3 a6 7.Na3 e6 8.Nc4 Qc7
9.Ne3 Bb4 10.Bd3 O-O 11.O-O Ne5 12.Bd2 Bc5 13.Be2 b5 14.f4 Qa7 15.fxe5 Bxe3+
16.Kh1 Ne8 17.Bd3 Bxd2 18.Qxd2 Qc5 19.Qf4 Bb7 20.Rae1 Rc8 21.Qg3 Qd4 22.Nd1 Rc5
23.b4 Rxe5 24.c3 Qd6 25.Ne3 Rh5 26.Qxd6 Nxd6 27.Ng4 Rg5 28.h3 Rc8 29.e5 Rxc3
30.Re3 Nf5 31.Bxf5 Rxf5 32.Rxf5 Rc1+ 33.Kh2 exf5 34.Rd3 fxg4 35.Rxd7 g6 36.Rxb7 gxh3
37.Kxh3 Ra1 38.e6 fxe6 39.Rb6 Rxa2 40.Rxe6 Kf7 41.Rb6 h6 42.Kh2 Kg7 43.Kh3 Ra4
44.Kg3 h5 45.Kh3 Kh6 46.Kg3 Kg5 47.Rc6 Ra3+ 48.Kh2 Kf5 49.Rd6 h4 50.Rd5+ Kg4
51.Rd4+ Kh5 52.Rd5+ g5 53.Rd8 Ra5 54.Rd6 Kg4 55.Rd4+ Kf5 56.Rd6 g4 57.Rh6 Kg5
58.Rd6 Ra2 59.Rd8 h3 60.Kh1 Kh4 61.Rd3 hxg2+ 62.Kg1 Ra4 63.Rb3 Ra1+ 64.Kxg2 Ra2+
65.Kg1 g3 66.Rb1 Kh3 67.Kh1 a5 68.bxa5 b4  0-1

[Event "Thessaloniki ol (Men)"]
[Site "Thessaloniki"]
[Date "1988.??.??"]
[Round "10"]
[White "Martin del Campo, Jorge"]
[Black "Shadarevian, Michael"]
[Result "0-1"]
[WhiteElo "2395"]
[BlackElo "2330"]

1.e4 c5 2.Nf3 Nc6 3.d4 cxd4 4.Nxd4 Qb6 5.Nb3 Nf6 6.Nc3 e6 7.Be3 Qc7 8.Bd3 a6
9.f4 d6 10.Qf3 Be7 11.g4 g6 12.g5 Nh5 13.O-O-O b5 14.a3 b4 15.axb4 Nxb4 16.f5 O-O
17.Nd4 Re8 18.f6 Bf8 19.Nde2 e5 20.Ng3 Nf4 21.Bxf4 exf4 22.Qxf4 Rb8 23.h4 Be6
24.h5 Rb7 25.Rh2 Rc8 26.Nge2 Qa5 27.Qh4 d5 28.exd5 Nxd3+ 29.Rxd3 Bf5 30.hxg6 fxg6
31.Rf3 Qa1+ 32.Kd2 Qxb2 33.Rxf5 gxf5 34.g6 hxg6 35.Qg5 Kf7 36.Rh7+ Ke8 37.Qxg6+ Kd8
38.Rh8 Qb4 39.Qg7 Rxg7 40.fxg7 Kd7 41.g8=Q Bh6+ 42.Rxh6 Rxg8 43.Rxa6 Rg2
44.Kd3 Rh2 45.Ra7+ Ke8 46.Ra4 Rh3+ 47.Kd2 Qc5 48.Nd1 Qxd5+ 49.Rd4 Qa5+ 50.Nec3 Rh2+
51.Kd3 Qa6+ 52.Ke3 Rh3+ 53.Kd2 Qh6+ 54.Ke2 Qh5+ 55.Kd2 Qg5+ 56.Ke2  0-1

[Event "Uzhgorod"]
[Site "Uzhgorod"]
[Date "1988.??.??"]
[Round "?"]
[White "Pirttimaki, Timo"]
[Black "Balashov, Yuri S"]
[Result "0-1"]
[WhiteElo "2260"]
[BlackElo "2540"]

1.e4 c5 2.Nf3 Nc6 3.d4 cxd4 4.Nxd4 Qb6 5.Nb3 Nf6 6.Nc3 e6 7.Be2 a6 8.O-O Be7
9.Be3 Qc7 10.f4 d6 11.a4 b6 12.Bf3 Bb7 13.Qe2 O-O 14.Rad1 Nd7 15.Kh1 Nc5
16.Nd4 Bf6 17.e5 dxe5 18.Nxc6 Bxc6 19.Bxc6 Qxc6 20.Bxc5 bxc5 21.fxe5 Be7
22.Qh5 Rab8 23.b3 c4 24.Ne2 cxb3 25.cxb3 Rb4 26.Rd3 g6 27.Qf3 Qxf3 28.gxf3 Rfb8
29.Nd4 Bc5 30.Nc6 Rxb3 31.Nxb8 Rxd3 32.Nxa6 Be3 33.Nb4 Rb3 34.Nc6 Rb6 35.Na5 Bf4
36.Rd1 Ra6 37.Rd4 Bxe5 38.Rd8+ Kg7 39.Nc4 Bc3 40.Rd7 Rxa4 41.Nd6 Rf4 42.Kg2 Be5
43.Ne4 Rf5  0-1

[Event "Uzhgorod"]
[Site "Uzhgorod"]
[Date "1988.??.??"]
[Round "?"]
[White "Stratil, Ladislav Jr"]
[Black "Andonov, Bogomil"]
[Result "1-0"]
[WhiteElo "2415"]
[BlackElo "2415"]

1.e4 c5 2.Nf3 Nc6 3.d4 cxd4 4.Nxd4 Qc7 5.Nc3 e6 6.g3 a6 7.Bg2 Nf6 8.O-O h6
9.Re1 Nxd4 10.Qxd4 Bc5 11.Qd1 d6 12.Be3 e5 13.Qd3 Be6 14.Nd1 Rc8 15.c3 O-O
16.Bxc5 Qxc5 17.Ne3 Rfd8 18.h3 Kf8 19.Kh2 Nd7 20.f4 Nf6 21.Qd2 exf4 22.gxf4 Re8
23.Qd4 Qc7 24.Bf3 Bd7 25.Rg1 Qc5 26.Rad1 Re7 27.Rg3 Qxd4 28.Rxd4 Rce8 29.Rxd6 Nxe4
30.Bxe4 Bc8 31.Bf5 Rxe3 32.Rxe3 Bxf5 33.Re5 Be6 34.a4 Rc8 35.Rd4 Rc7 36.f5 Bd7
37.Kg3 f6 38.Red5 Bc6 39.Rd8+ Kf7 40.Kf4 Re7 41.a5 Re2 42.R8d7+ Bxd7 43.Rxd7+ Kf8
44.Rxb7 Rf2+ 45.Ke4 Re2+ 46.Kf4 Rf2+ 47.Ke4 Re2+ 48.Kd4 Re5 49.b4 Rxf5 50.b5 Kg8
51.c4  1-0

[Event "Val Maubuee op"]
[Site "Val Maubuee"]
[Date "1988.??.??"]
[Round "?"]
[White "Polaczek, Richard"]
[Black "Plachetka, Jan"]
[Result "0-1"]
[WhiteElo "2280"]
[BlackElo "2410"]

1.e4 c5 2.Nf3 Nc6 3.d4 cxd4 4.Nxd4 Qb6 5.Nb3 Nf6 6.Bd3 e6 7.O-O Be7 8.c4 d6
9.Nc3 a6 10.Be3 Qc7 11.Rc1 Ne5 12.Be2 b6 13.Nd4 Bb7 14.f4 Ned7 15.f5 e5 16.Nd5 Qd8
17.Nc2 Rc8 18.Qd3 O-O 19.Ncb4 Nc5 20.Bxc5 Rxc5 21.Nxf6+ Bxf6 22.Nd5 Bxd5
23.b4 Bxe4 24.Qxe4 Rc8 25.Qd5 Qc7 26.Bf3 Bg5 27.Rc2 b5 28.c5 dxc5 29.bxc5 Rfd8
30.Qb3 Qa7 31.Qa3 Be7 32.Rfc1 Rxc5 33.Rxc5 Rc8 34.Kh1 Rxc5 35.Rxc5 Qxc5 36.Qxc5 Bxc5
37.Bb7 a5 38.g4 g6 39.Kg2 Kg7 40.Kf3 Kf6 41.Ke4 Bd4 42.Bd5 Ke7 43.Kd3 f6
44.Bc6 b4 45.Be4 Kf7 46.Kc4 Bb6 47.Bc2 Kg7 48.Kd5 gxf5 49.Bxf5 h5 50.h3 Kh6
51.Ke4 a4 52.Kf3 Kg5 53.Be6 Bc5 54.Ke4 b3 55.axb3 a3 56.b4 Bxb4 57.Kf3 Bf8
58.Ke4 Bh6 59.Kf3 Kh4 60.Kg2 e4 61.Kf2 Bg5 62.Kg2 Bf4 63.Kf2 Bg5 64.Kg2 Be3
65.Kh2 Ba7 66.Kg2 Bd4  0-1

[Event "Warsaw (Women)"]
[Site "Warsaw"]
[Date "1988.??.??"]
[Round "?"]
[White "Wiese Jozwiak, Malgorzata"]
[Black "Erenska Radzewska, Hanna"]
[Result "1-0"]
[WhiteElo "2255"]
[BlackElo "2275"]

1.e4 c5 2.Nf3 Nc6 3.d4 cxd4 4.Nxd4 Qb6 5.Nb3 Nf6 6.Nc3 e6 7.Be3 Qc7 8.f4 Bb4
9.Bd3 d6 10.Bd2 e5 11.Nd5 Bxd2+ 12.Qxd2 Qd8 13.Nxf6+ Qxf6 14.f5 Qh4+ 15.g3 Qg4
16.O-O Bd7 17.Qe2 Qg5 18.Bc4 g6 19.fxg6 fxg6 20.Rad1 Bg4 21.Qd2 Qxd2 22.Rxd2 O-O-O
23.Kg2 Kc7 24.h3 Bd7 25.Rf6 Be8 26.c3 a6 27.Rdf2 Nb8 28.Be6 Nc6 29.Nd2 Ne7
30.c4 Nc6 31.Nf3 Nb4 32.Ng5 Nd3 33.Rd2 Nc5 34.Bd5 a5 35.Rdf2 b5 36.Nf7 Bxf7
37.Rxf7+ Kb6 38.Rg7 bxc4 39.Rff7 Rhf8 40.Rxh7 Rxf7 41.Rxf7 a4  1-0

[Event "Aarhus int"]
[Site "Aarhus"]
[Date "1989.??.??"]
[Round "5"]
[White "Berg, Klaus"]
[Black "Bern, Ivar"]
[Result "1-0"]
[WhiteElo "2390"]
[BlackElo "2360"]

1.e4 c5 2.Nf3 Nc6 3.d4 cxd4 4.Nxd4 Qb6 5.Nb3 Nf6 6.Nc3 e6 7.g3 d6 8.Bg2 Be7
9.O-O O-O 10.Be3 Qc7 11.f4 a6 12.a4 Nd7 13.g4 b6 14.g5 Re8 15.h4 Rb8 16.h5 Na5
17.Bh3 Nc4 18.Bc1 b5 19.axb5 axb5 20.g6 hxg6 21.hxg6 Nf6 22.e5 dxe5 23.gxf7+ Kxf7
24.fxe5 Rh8 25.exf6 gxf6 26.Bf4 Bc5+ 27.Nxc5 Qxc5+ 28.Rf2 Rxh3 29.Ne4 Bb7
30.Qd7+ Qe7 31.Qxe7+ Kxe7 32.Bxb8 Bxe4 33.Ra7+ Ke8 34.Rxf6 Bd5 35.Bf4 Nxb2
36.Bh6 Rg3+ 37.Kh2 Rg8 38.Rff7 Rh8 39.Rfe7+ Kd8 40.Red7+ Kc8 41.Rdc7+ Kb8
42.Rh7 Rxh7 43.Rxh7 Nc4 44.c3 Kc8 45.Kg1 Ne5 46.Bf4 Nc6 47.Bd6 Kd8 48.Kf2 Kc8
49.Ke3 Kd8 50.Kf4 Kc8 51.Kg5 Kd8 52.Kf6 Kc8 53.Rc7+ Kd8 54.Rb7 Bc4 55.Kg5 Ke8
56.Kf4 Kd8 57.Ke3 Ke8 58.Bh2 Kd8 59.Bg3 Bf1 60.Kf3 Bc4 61.Kg4 Be2+ 62.Kg5 Bd3
63.Kf6 Bc4 64.Kf7 Na5 65.Rb6 e5+ 66.Kf6 e4 67.Rd6+ Kc8 68.Ra6 Nb3 69.Bf4 Kb7
70.Ra3 Nc5 71.Be3 Kc6 72.Ke5 Bd3 73.Ra8 Na4 74.Kd4 Nb2 75.Rh8 Nc4 76.Rh6+ Kd7
77.Bf4 Ke7 78.Rc6 Kf7 79.Bh6 Na3 80.Rb6 Ke7 81.Bc1 Nc2+ 82.Ke5 Kd7 83.Bf4 Kc7
84.Re6 b4 85.Kd5+ Kb7 86.cxb4 Nxb4+ 87.Kc5 Na6+ 88.Kd4 Nb4 89.Rd6 Nc2+ 90.Kc5 Na3
91.Rd7+ Kc8 92.Kd6 Nb5+ 93.Kc6 Nc3 94.Re7 Bb5+ 95.Kd6 Ne2 96.Be5 Ng1 97.Rc7+ Kd8
98.Rb7  1-0

[Event "Altensteig"]
[Site "Altensteig"]
[Date "1989.??.??"]
[Round "?"]
[White "Kosten, Anthony C"]
[Black "Bischoff, Klaus"]
[Result "1-0"]
[WhiteElo "2500"]
[BlackElo "2500"]

1.e4 c5 2.Nf3 Nc6 3.d4 cxd4 4.Nxd4 Qb6 5.Nb3 Nf6 6.Nc3 e6 7.Bd3 a6 8.O-O Qc7
9.f4 d6 10.Qf3 Be7 11.Bd2 b5 12.Rae1 Bb7 13.Qh3 Rd8 14.Kh1 O-O 15.Ne2 e5
16.Nc3 Qd7 17.f5 Nb4 18.Bg5 Rc8 19.Re3 Nxd3 20.cxd3 b4 21.Nd1 Rfd8 22.Rg3 Kf8
23.Ne3 d5 24.exd5 Bxd5 25.Nd2 h6 26.Bxh6 Qb5 27.Bxg7+ Ke8 28.Nxd5 Rxd5 29.Bxf6 Bxf6
30.Rg8+ Kd7 31.Ne4 Rxg8 32.Nxf6+ Kc7 33.Nxg8 Rxd3 34.Qh5  1-0

[Event "American op"]
[Site "?"]
[Date "1989.??.??"]
[Round "7"]
[White "Tomkins, Ken"]
[Black "Maric, Alisa"]
[Result "1-0"]
[WhiteElo "2295"]
[BlackElo "2365"]

1.e4 c5 2.Nf3 Nc6 3.d4 cxd4 4.Nxd4 Qc7 5.Nc3 e6 6.Be3 a6 7.Qd2 Nf6 8.f3 b5
9.g4 d6 10.g5 Nd7 11.Nxc6 Qxc6 12.O-O-O Be7 13.h4 Bb7 14.a3 Ne5 15.f4 Nc4
16.Bxc4 Qxc4 17.Bd4 f6 18.gxf6 gxf6 19.Rhg1 O-O-O 20.Rg7 Rhe8 21.Rxe7 Rxe7
22.Bxf6 Red7 23.Bxd8 Rxd8 24.Qe3 a5 25.Qb6 Bxe4 26.Qxa5 Bf3 27.Rd3 Bc6 28.Qa6+ Bb7
29.Qxb5 Qxf4+ 30.Kb1 Qxh4 31.Qa5 Qe1+ 32.Rd1 Qf2 33.Nb5 Rd7 34.Rd3 Kb8 35.Rd4 Qf1+
36.Ka2 Bd5+ 37.b3 Qc1 38.Qc3 Qg5 39.Rb4 Bb7 40.Qh8+ Qd8 41.Qd4 Qf8 42.Qb6 d5
43.Ra4 Kc8 44.Na7+  1-0

[Event "AUT-chT"]
[Site "?"]
[Date "1989.??.??"]
[Round "?"]
[White "Hoelzl, Franz"]
[Black "Felsberger, Alfred"]
[Result "1/2-1/2"]
[WhiteElo "2350"]
[BlackElo "2320"]

1.e4 c5 2.Nf3 Nc6 3.d4 cxd4 4.Nxd4 Qb6 5.Nb3 Nf6 6.Bd3 d5 7.exd5 Nxd5 8.O-O g6
9.c4 Ndb4 10.Be4 Bf5 11.Bxf5 gxf5 12.Nc3 e6 13.Nb5 Qd8 14.Qh5 a6 15.Bg5 Qc8
16.N5d4 Be7 17.Rfe1 Bxg5 18.Nxe6 Be7 19.Rad1 b5 20.Ng7+ Kf8 21.Qh6 Kg8 22.Re3 f4
23.Nh5 Qg4 24.Rf3 Qg5 25.Qxg5+ Bxg5 26.cxb5 axb5 27.a3 Na6 28.Rd5 h6 29.g3 fxg3
30.fxg3 Ra7 31.h4 Be7 32.Rxb5 Nc7 33.Rbf5 Nd8 34.Nd4 Nce6 35.Nxe6 fxe6 36.R5f4 Kh7
37.b4 Rg8 38.Kh2 Kg6 39.Nf6 Bxf6 40.Rxf6+ Kh7 41.b5 Rgg7 42.b6 Ra6 43.Rd3 Nb7
44.Rb3 Re7 45.Kh3 Kg7 46.Rf4 e5 47.Rg4+ Kf7 48.Rf3+ Ke6 49.Rg6+ Kd5 50.Rxh6 e4
51.Rc3 Nd6 52.Rh5+ Kd4 53.Rc6 Re6 54.Rb5 Nxb5 55.Rxe6 Ra8 56.h5 e3 57.h6 Nc3
58.Rd6+ Ke5 59.Rd7 e2 60.Re7+ Kd4 61.b7 Rh8 62.Rxe2 Nxe2 63.Kg4 Ke5 64.a4 Rg8+
65.Kh4 Nxg3 66.h7 Rh8 67.Kg5 Nh5 68.a5 Kd6 69.b8=Q+ Rxb8 70.Kxh5  1/2-1/2

[Event "Belgrade op"]
[Site "Belgrade"]
[Date "1989.??.??"]
[Round "3"]
[White "Robovic, Saudin"]
[Black "Janosevic, Dragoljub"]
[Result "0-1"]
[WhiteElo "2365"]
[BlackElo "2340"]

1.e4 c5 2.Nf3 Nc6 3.d4 cxd4 4.Nxd4 Qc7 5.Nc3 e6 6.Ndb5 Qb8 7.a4 Nf6 8.Bd3 a6
9.Na3 d5 10.exd5 exd5 11.O-O Be7 12.Bd2 Be6 13.Ne2 O-O 14.Bf4 Bd6 15.Bxd6 Qxd6
16.c3 Rad8 17.Nc2 Ne5 18.Ncd4 Bc8 19.Bc2 Neg4 20.Ng3 h5 21.Nf3 Qf4 22.a5 Rfe8
23.Qd3 g6 24.Ra4 Qc7 25.Qd2 Ne4 26.Qd3 Nc5 27.Qd4 Nxa4 28.Qxa4 Qc4 29.Qa3 h4
30.Nh1 h3 31.Ng3 hxg2 32.Kxg2 d4 33.Bb3 Qc6 34.Ba4 Qd5 35.Bxe8 Rxe8 36.cxd4 Bd7
37.Qc5 Qxc5 38.dxc5 Bc6 39.Rc1 Ne5 40.Rc3 Nxf3 41.Rxf3 Re1  0-1

[Event "Belgrade op"]
[Site "Belgrade"]
[Date "1989.??.??"]
[Round "9"]
[White "Matulovic, Milan"]
[Black "Kovacevic, Predrag"]
[Result "1-0"]
[WhiteElo "2425"]
[BlackElo "2405"]

1.e4 c5 2.Nf3 Nc6 3.d4 cxd4 4.Nxd4 Qb6 5.Nb3 Nf6 6.Nc3 e6 7.Bd3 Bb4 8.O-O O-O
9.Bg5 Bxc3 10.bxc3 Ne8 11.e5 Nxe5 12.Be7 Nf6 13.Bxf8 Kxf8 14.c4 d6 15.Qd2 a5
16.a4 Qc7 17.Rfd1 b6 18.Be2 Ke7 19.f4 Nc6 20.Bf3 Bb7 21.Rab1 Nd8 22.Bxb7 Nxb7
23.Nd4 Rd8 24.Qe3 Nc5 25.Nb5 Qc6 26.Nd4 Qc7 27.Qf3 Nfe4 28.f5 g6 29.fxe6 fxe6
30.Rf1 Kd7 31.Qh3 Ng5 32.Qg4 Nce4 33.Rf7+  1-0

[Event "Bern op"]
[Site "Bern"]
[Date "1989.??.??"]
[Round "?"]
[White "Kamber, Bruno"]
[Black "Ilic, Zoran"]
[Result "1/2-1/2"]
[WhiteElo "2265"]
[BlackElo "2375"]

1.e4 c5 2.Nf3 Nc6 3.d4 cxd4 4.Nxd4 Qb6 5.Nb3 Nf6 6.Nc3 e6 7.Be3 Qc7 8.f4 d6
9.Be2 a6 10.a4 b6 11.O-O Be7 12.Bf3 O-O 13.Qe2 Rb8 14.Rad1 Re8 15.Kh1 Na5
16.Nd2 e5 17.g4 exf4 18.Bxf4 Bb7 19.g5 Nd7 20.Qf2 Ne5 21.Bxe5 dxe5 22.Bh5  1/2-1/2

[Event "Noviki-A"]
[Site "Budapest"]
[Date "1989.??.??"]
[Round "?"]
[White "Horvath, Jozsef"]
[Black "Boensch, Uwe"]
[Result "1/2-1/2"]
[WhiteElo "2510"]
[BlackElo "2490"]

1.e4 c5 2.Nf3 Nc6 3.d4 cxd4 4.Nxd4 Qb6 5.Nb3 Nf6 6.Nc3 e6 7.Bd3 Bb4 8.O-O O-O
9.Na4 Qc7 10.c4 d5 11.exd5 exd5 12.cxd5 Ne7 13.Nc3 Rd8 14.Nb5 Qe5 15.Qe2  1/2-1/2

[Event "Cannes op"]
[Site "Cannes"]
[Date "1989.??.??"]
[Round "?"]
[White "Bremond, Eric"]
[Black "Andrijevic, Milan"]
[Result "0-1"]
[WhiteElo "2345"]
[BlackElo "2410"]

1.e4 c5 2.Nf3 Nc6 3.d4 cxd4 4.Nxd4 Qc7 5.Be3 Nf6 6.Nc3 e6 7.Be2 a6 8.O-O Bb4
9.Nxc6 bxc6 10.Na4 Be7 11.Nb6 Rb8 12.Nxc8 Qxc8 13.Bd4 c5 14.Be5 Rb6 15.Qd3 O-O
16.c4 d6 17.Bc3 Nd7 18.Rab1 Bf6 19.Ba5 Rxb2 20.Rxb2 Bxb2 21.Qxd6 Be5 22.Qd3 Bd4
23.Rb1 Qc6 24.Qc2 g6 25.Bd3 Qd6 26.Kh1 Rb8 27.Rxb8+ Qxb8 28.g3 Ne5 29.Bf1 h5
30.Kg2 h4 31.Be1 Qd8 32.Be2 Kg7 33.f4 Nc6 34.Qb3 e5 35.Qb7 Qd6 36.Bd2 Qe6
37.f5 gxf5 38.exf5 Qxf5 39.Bh6+  0-1

[Event "Cannes op"]
[Site "Cannes"]
[Date "1989.??.??"]
[Round "?"]
[White "Payen, Arnaud"]
[Black "Wauters, Alain"]
[Result "1-0"]
[WhiteElo "2240"]
[BlackElo "2285"]

1.e4 c5 2.Nf3 Nc6 3.d4 cxd4 4.Nxd4 Qb6 5.Nb3 Nf6 6.Nc3 e6 7.Be3 Qc7 8.Bd3 a6
9.O-O Be7 10.f4 d6 11.Qf3 O-O 12.Qh3 b5 13.Rae1 e5 14.f5 Nb4 15.g4 d5 16.g5 Nxe4
17.Nxd5 Nxd5 18.Bxe4 Nxe3 19.Rxe3 Bxg5 20.Rg3 Bf6 21.Qg2 Qd7 22.Kh1 Rb8 23.Rxg7+ Kh8
24.Rxh7+ Kxh7 25.Qh3+  1-0